NMIXX knowledge quiz - Statistics

General Stats
  • This quiz has been taken 142 times
  • The average score is 13 of 15
Answer Stats
Question Answer % Correct
Under which company are NMIXX ? JYP
99%
Which member is Australian ? Lily
99%
Who is NMIXX leader ? Haewon
98%
What is the name of their fandom ? NSWER
98%
What is their debut song ? O.O
94%
What are NMIXX known to be good at ? Live performances
93%
Who is the maknae ? Kyujin
90%
Which member is known for her iconic line "WEMO CHECK" ? Haewon
86%
In which group Lily was meant to debut before NMIXX? Itzy
85%
Who are the main vocalists ? Lily & Haewon
84%
What is their debut album's name ? Ad Mare
82%
Who is the main rapper ? Jiwoo
80%
Who is the main dancer ? Kyujin
77%
When did they debut ? February 22nd 2022
60%
What was the pre-released song of their album Fe304:stick out ? SICKUHH
41%
No matching quizzes found
Score Distribution
Percent of People with Each Score
Percentile by Number Answered
Your Score History
You have not taken this quiz